[Event "Paleochora op 16th"]
[Site "Paleochora"]
[Date "2023.07.26"]
[Round "9"]
[White "Nalbandyan, Vahan"]
[Black "Ollenberger, Roland"]
[Result "1/2-1/2"]
[WhiteElo "1919"]
[BlackElo "2288"]
[PlyCount "137"]
[EventDate "2023.07.19"]
[EventType "swiss"]
[EventRounds "9"]
[EventCountry "GRE"]
[SourceTitle "EXT 2024"]
[Source "ChessBase"]
[SourceDate "2023.10.10"]
[SourceVersion "1"]
[SourceVersionDate "2023.10.10"]
[SourceQuality "1"]

1. Nf3 Nf6 2. g3 c5 3. c4 Nc6 4. Bg2 e5 5. 0-0 Be7 6. Nc3 d6 7. h3 0-0 8. d3 Nd4 9. e3 Nxf3+ 10. Qxf3 Rb8 11. e4 a6 12. a4 b6 13. Qe2 Ne8 14. f4 Nc7 15. f5 Bg5 16. Bxg5 Qxg5 17. Qf2 Bd7 18. g4 Ra8 19. Qg3 h5 20. h4 Qxg4 21. Qxg4 hxg4 22. Kh2 f6 23. Kg3 Kf7 24. h5 Rh8 25. Kxg4 Rh6 26. Rh1 Rah8 27. Rh3 Be8 28. Bf3 Ke7 29. Rah1 Kd7 30. Kg3 Kc6 31. Kf2 Bf7 32. Ke3 R8h7 33. Kd2 Rh8 34. Rg3 Ne8 35. Rgh3 Kd7 36. Bg4 Nc7 37. Kc2 Ke7 38. Kd2 Rb8 39. Ra1 Be8 40. Be2 Bf7 41. Bf3 Rbh8 42. Rah1 g6 43. fxg6 Bxg6 44. Rg3 Bf7 45. Nd1 Ne6 46. Ne3 Nd4 47. Nf5+ Nxf5 48. exf5 Kf8 49. a5 bxa5 50. Ra1 Bxh5 51. Bd5 Bf7 52. Rxa5 Rh2+ 53. Kc3 R2h3 54. Rxh3 Rxh3 55. Be4 Be8 56. Rxa6 Ke7 57. Ra7+ Kd8 58. Ra8+ Ke7 59. Ra7+ Kd8 60. b4 cxb4+ 61. Kxb4 Bd7 62. Ra8+ Ke7 63. Ra7 Kd8 64. Ra8+ Ke7 65. Rg8 Rh5 66. Rg7+ Ke8 67. Rg8+ Ke7 68. Rg7+ Ke8 69. Rg8+ 1/2-1/2

[Event "FIDE World Uni Blitz-C 1st"]
[Site "Tornelo INT"]
[Date "2021.03.13"]
[Round "6.10"]
[White "Nalbandyan, Vahan"]
[Black "Lobanov, Sergei"]
[Result "0-1"]
[WhiteElo "2014"]
[BlackElo "2516"]
[PlyCount "200"]
[EventDate "2021.03.13"]
[EventType "swiss (blitz)"]
[EventRounds "10"]
[EventCountry "NET"]
[SourceTitle "EXT 2022"]
[Source "ChessBase"]
[SourceDate "2021.10.06"]
[SourceVersion "1"]
[SourceVersionDate "2021.10.06"]
[SourceQuality "1"]

1. Nf3 d5 2. g3 Nd7 3. d4 Nb6 4. Bg2 Nf6 5. 0-0 Bf5 6. Nbd2 h6 7. Ne5 e6 8. c4 c6 9. c5 Nbd7 10. f4 Be7 11. h3 h5 12. e3 g6 13. Ndf3 Be4 14. Ng5 Nxe5 15. fxe5 Bxg2 16. Kxg2 h4 17. exf6 Bxf6 18. Qf3 Qc7 19. Qxf6 Qxg3+ 20. Kh1 Rf8 21. Rg1 Qc7 22. e4 dxe4 23. Bf4 Qd8 24. Nxe4 Qd5 25. Rae1 Kd7 26. Bg5 Rae8 27. Qf3 Kc7 28. Bf6 Kb8 29. Kh2 Ka8 30. Qf4 Qc4 31. Nd6 Qxa2 32. Nxe8 Rxe8 33. Bg5 Qxb2+ 34. Rg2 Qb4 35. Qxf7 Rb8 36. Qd7 Qxe1 37. Bf4 Rh8 38. Qg7 Rc8 39. Qxg6 Qf1 40. Be5 Qf3 41. Qxe6 Rd8 42. Qg4 Qd3 43. Qxh4 Rc8 44. Qg4 Rd8 45. Qg5 Rc8 46. Qg3 Qh7 47. Ra2 a6 48. Rf2 Qd7 49. Qg4 Qe8 50. Rg2 Rd8 51. Qg7 Qe6 52. Qf6 Qd5 53. Qe7 Rd7 54. Qe8+ Rd8 55. Qe7 Rc8 56. Qd6 Qe4 57. Qg6 Qd5 58. Qf5 Re8 59. Qf4 Ka7 60. Bd6 a5 61. Be5 Qc4 62. Qe3 a4 63. h4 Re7 64. h5 Rh7 65. h6 Qe6 66. Bf4 Qf7 67. Qe5 Qf8 68. Ra2 Ka6 69. Rxa4+ Kb5 70. Ra2 Rxh6+ 71. Bxh6 Qxh6+ 72. Kg2 Qg6+ 73. Qg3 Qe4+ 74. Qf3 Qxd4 75. Qb3+ Kxc5 76. Rc2+ Kd6 77. Qg3+ Kd7 78. Rf2 Qd5+ 79. Qf3 Qg5+ 80. Qg3 Qd5+ 81. Rf3 Qd2+ 82. Kh3 Qh6+ 83. Qh4 Qxh4+ 84. Kxh4 Kd6 85. Kg4 Kd5 86. Kf4 Kd4 87. Rf1 b5 88. Rd1+ Kc3 89. Rc1+ Kd3 90. Rxc6 b4 91. Rb6 Kc3 92. Ke3 b3 93. Rc6+ Kb2 94. Kd2 Kb1 95. Rb6 b2 96. Kc3 Ka1 97. Ra6+ Kb1 98. Kb3 Kc1 99. Rc6+ Kb1 100. Rc2 Ka1 0-1

[Event "FIDE World Uni Blitz-C 1st"]
[Site "Tornelo INT"]
[Date "2021.03.13"]
[Round "4.10"]
[White "Nalbandyan, Vahan"]
[Black "Schmakel, Sam A"]
[Result "0-1"]
[WhiteElo "2014"]
[BlackElo "2435"]
[PlyCount "74"]
[EventDate "2021.03.13"]
[EventType "swiss (blitz)"]
[EventRounds "10"]
[EventCountry "NET"]
[SourceTitle "EXT 2022"]
[Source "ChessBase"]
[SourceDate "2021.10.06"]
[SourceVersion "1"]
[SourceVersionDate "2021.10.06"]
[SourceQuality "1"]

1. c4 e5 2. b3 c5 3. Bb2 Nc6 4. Nc3 Nge7 5. g4 d5 6. cxd5 Nxd5 7. e3 Be7 8. a3 Be6 9. Bg2 Rc8 10. Nge2 Qd7 11. Bxd5 Bxd5 12. Rg1 Be6 13. g5 0-0 14. Ne4 Kh8 15. N2c3 Na5 16. Qh5 Nxb3 17. Rd1 Qd3 18. f4 Bf5 19. Nf2 Qd7 20. fxe5 Bc2 21. Nce4 Bxd1 22. Qxd1 c4 23. Rg4 Rfd8 24. Rh4 Qf5 25. Nf6 gxf6 26. gxf6 Bf8 27. e6 fxe6 28. f7+ c3 29. Bxc3+ Rxc3 30. Rf4 Qxf4 31. exf4 Rc1 32. Ne4 Rxd1+ 33. Kxd1 Kg7 34. Kc2 Nd4+ 35. Kc3 Kxf7 36. Ng5+ Kg6 37. Ne4 Be7 0-1

[Event "Dortmund Sparkassen op-A 46th"]
[Site "Dortmund"]
[Date "2018.07.22"]
[Round "9"]
[White "Nalbandyan, Vahan"]
[Black "Steinle, Carsten"]
[Result "1-0"]
[WhiteElo "1848"]
[BlackElo "2159"]
[PlyCount "41"]
[EventDate "2018.07.14"]
[EventType "swiss"]
[EventRounds "9"]
[EventCountry "GER"]
[SourceTitle "CBM 185 Extra"]
[Source "ChessBase"]
[SourceDate "2018.07.29"]
[SourceVersion "1"]
[SourceVersionDate "2018.07.29"]
[SourceQuality "1"]

1. Nf3 e6 2. g3 Nf6 3. Bg2 c5 4. c4 Nc6 5. Nc3 Be7 6. 0-0 0-0 7. d4 cxd4 8. Nxd4 a6 9. e4 Qa5 10. Be3 Ne5 11. Qe2 d6 12. h3 Rb8 13. f4 Nc6 14. a3 Nxd4 15. Bxd4 e5 16. b4 Qc7 17. Be3 b5 18. fxe5 dxe5 19. c5 Be6 20. Nd5 Qb7 21. c6 1-0

[Event "Dortmund Sparkassen op-A 46th"]
[Site "Dortmund"]
[Date "2018.07.20"]
[Round "7"]
[White "Nalbandyan, Vahan"]
[Black "Zatonskih, Vitaly"]
[Result "1/2-1/2"]
[WhiteElo "1848"]
[BlackElo "2323"]
[PlyCount "26"]
[EventDate "2018.07.14"]
[EventType "swiss"]
[EventRounds "9"]
[EventCountry "GER"]
[SourceTitle "CBM 185 Extra"]
[Source "ChessBase"]
[SourceDate "2018.07.29"]
[SourceVersion "1"]
[SourceVersionDate "2018.07.29"]
[SourceQuality "1"]

1. Nf3 c5 2. g3 d5 3. Bg2 f6 4. d4 cxd4 5. Nxd4 e5 6. Nb3 Ne7 7. 0-0 Nbc6 8. e4 dxe4 9. Qxd8+ Nxd8 10. Bxe4 Bf5 11. N1d2 Bxe4 12. Nxe4 Nec6 13. Rd1 Ne6 1/2-1/2

[Event "Yerevan Asrian Memorial 11th"]
[Site "Yerevan"]
[Date "2018.06.24"]
[Round "4"]
[White "Nalbandyan, Vahan"]
[Black "Tutisani, Noe"]
[Result "1-0"]
[WhiteElo "1789"]
[BlackElo "2469"]
[PlyCount "117"]
[EventDate "2018.06.21"]
[EventType "swiss"]
[EventRounds "9"]
[EventCountry "ARM"]
[SourceTitle "CBM 185 Extra"]
[Source "ChessBase"]
[SourceDate "2018.07.29"]
[SourceVersion "1"]
[SourceVersionDate "2018.07.29"]
[SourceQuality "1"]

1. c4 e5 2. Nc3 Nc6 3. g3 g6 4. Bg2 Bg7 5. d3 d6 6. Nf3 Nf6 7. 0-0 0-0 8. h3 h6 9. Be3 Be6 10. Qc1 Kh7 11. Nd2 Qd7 12. Kh2 Nh5 13. Nd5 f5 14. Nf3 Rae8 15. Bd2 e4 16. Ng1 exd3 17. exd3 Ne5 18. Qc2 c6 19. Nf4 Nxf4 20. gxf4 Nf7 21. Nf3 d5 22. Rae1 Qc7 23. cxd5 Bxd5 24. Kh1 Qd6 25. Re3 Re6 26. Rxe6 Bxe6 27. Be3 Rd8 28. d4 Bd5 29. Ne5 Bxg2+ 30. Kxg2 Qd5+ 31. Kh2 Nd6 32. Rg1 Bxe5 33. dxe5 Nb5 34. Qc5 Qxc5 35. Bxc5 b6 36. Be3 Nd4 37. Kg2 Ne6 38. Kf3 c5 39. h4 h5 40. Rc1 Kg7 41. a4 Rd3 42. a5 b5 43. a6 Kf7 44. Kg2 c4 45. Bxa7 Nxf4+ 46. Kf1 Rh3 47. f3 Rxf3+ 48. Bf2 Nd5 49. Rd1 Rd3 50. Rxd3 cxd3 51. a7 Nc7 52. Bg3 Ke6 53. Ke1 Na8 54. Kd2 Kd5 55. Kxd3 Nb6 56. Kc3 Kc6 57. Kd4 b4 58. e6 b3 59. Ke5 1-0

[Event "Yerevan op 2nd"]
[Site "Yerevan"]
[Date "2017.09.27"]
[Round "9"]
[White "Nalbandyan, Vahan"]
[Black "Karatorossian, David"]
[Result "0-1"]
[WhiteElo "1910"]
[BlackElo "2250"]
[PlyCount "96"]
[EventDate "2017.09.19"]
[EventType "swiss"]
[EventRounds "9"]
[EventCountry "ARM"]
[SourceTitle "EXT 2018"]
[Source "ChessBase"]
[SourceDate "2017.10.13"]
[SourceVersion "1"]
[SourceVersionDate "2017.10.13"]
[SourceQuality "1"]

1. Nf3 Nf6 2. g3 g6 3. Bg2 Bg7 4. 0-0 0-0 5. d3 d6 6. c4 c6 7. Nc3 e5 8. c5 Re8 9. cxd6 Qxd6 10. h3 Nbd7 11. Be3 Nd5 12. Bg5 Nxc3 13. bxc3 e4 14. dxe4 Qxd1 15. Rfxd1 Rxe4 16. Nd4 Re5 17. Bf4 Rc5 18. Rac1 Rc4 19. Rd2 h6 20. e4 Ne5 21. Bxe5 Bxe5 22. f4 Bc7 23. Bf1 Ra4 24. c4 Ra3 25. Kh2 Kf8 26. c5 g5 27. e5 gxf4 28. gxf4 f6 29. Re1 Rc3 30. Rg2 fxe5 31. fxe5 Rxc5 32. Rge2 Ke7 33. Nb3 Rxe5 34. Rxe5+ Kf6 35. Bc4 Bxe5+ 36. Kg2 Bf5 37. Rf1 Rd8 38. Nc5 Rd2+ 39. Kf3 Rd4 40. Be2 Rf4+ 41. Ke3 Rxf1 42. Bxf1 b6 43. Ne4+ Ke7 44. Bg2 Be6 45. Nd2 Kd6 46. Nb3 a5 47. Bf1 a4 48. Nc1 b5 0-1

[Event "Yerevan op 2nd"]
[Site "Yerevan"]
[Date "2017.09.23"]
[Round "5"]
[White "Nalbandyan, Vahan"]
[Black "Grigorian, Marine"]
[Result "1-0"]
[WhiteElo "1910"]
[BlackElo "2183"]
[PlyCount "79"]
[EventDate "2017.09.19"]
[EventType "swiss"]
[EventRounds "9"]
[EventCountry "ARM"]
[SourceTitle "CBM 180 Extra"]
[Source "ChessBase"]
[SourceDate "2017.10.06"]
[SourceVersion "1"]
[SourceVersionDate "2017.10.06"]
[SourceQuality "1"]

1. Nf3 Nf6 2. g3 d6 3. d4 g6 4. Bg2 Bg7 5. 0-0 0-0 6. c4 Nc6 7. d5 Na5 8. Nfd2 c5 9. Nc3 a6 10. a4 Bd7 11. e4 e5 12. Rb1 h5 13. b4 cxb4 14. Rxb4 Qc7 15. Qe2 Rfc8 16. Re1 h4 17. Bf1 hxg3 18. hxg3 Bh6 19. Nb3 Bxc1 20. Rxc1 Nxb3 21. Rxb3 Rab8 22. Qe3 Be8 23. Be2 Nd7 24. Kg2 Nc5 25. Ra3 Qe7 26. Rh1 f6 27. f4 Bd7 28. fxe5 fxe5 29. Raa1 Nb3 30. Raf1 Qg7 31. Rh6 Rf8 32. Qg5 Be8 33. Rfh1 Nd4 34. Qh4 g5 35. Qh3 Bg6 36. Rh8+ Kf7 37. Qd7+ Kf6 38. Qxd6+ Kf7 39. Rf1+ Bf5 40. Rxf8+ 1-0

[Event "Yerevan op 2nd"]
[Site "Yerevan"]
[Date "2017.09.21"]
[Round "3"]
[White "Nalbandyan, Vahan"]
[Black "Poghosyan, Suren"]
[Result "1/2-1/2"]
[WhiteElo "1910"]
[BlackElo "2256"]
[PlyCount "120"]
[EventDate "2017.09.19"]
[EventType "swiss"]
[EventRounds "9"]
[EventCountry "ARM"]
[SourceTitle "CBM 180 Extra"]
[Source "ChessBase"]
[SourceDate "2017.10.06"]
[SourceVersion "1"]
[SourceVersionDate "2017.10.06"]
[SourceQuality "1"]

1. Nf3 Nf6 2. g3 c5 3. c4 Nc6 4. Bg2 g6 5. 0-0 Bg7 6. Nc3 0-0 7. d3 a6 8. Be3 d6 9. Qc1 Re8 10. Rd1 Bd7 11. a3 b5 12. d4 Na5 13. Nd2 cxd4 14. Bxd4 Rc8 15. Bxf6 Bxf6 16. Nce4 Bg7 17. c5 d5 18. Ng5 e6 19. h4 Qe7 20. b4 Bxa1 21. Qxa1 Nc4 22. Nde4 e5 23. Nc3 d4 24. Nd5 Qd8 25. Ne4 Re6 26. Qc1 f5 27. Ng5 Re8 28. e4 h6 29. exf5 Bxf5 30. Ne4 Kg7 31. Ndc3 Qe7 32. Ne2 Red8 33. Rd3 Nd6 34. Nxd6 Rxd6 35. Rd2 Rdd8 36. Qb2 Qf6 37. f4 e4 38. Nxd4 e3 39. Rd1 Bg4 40. Re1 Bf5 41. Nxf5+ gxf5 42. Qxf6+ Kxf6 43. Rxe3 Rd1+ 44. Kh2 Rcd8 45. Rc3 R8d3 46. Rxd3 Rxd3 47. Bb7 Rxa3 48. c6 Rc3 49. Bxa6 Rxc6 50. Bxb5 Rb6 51. Be8 Rxb4 52. h5 Re4 53. Bg6 Re2+ 54. Kh3 Re3 55. Kh2 Ke6 56. Kh3 Ra3 57. Kg2 Ra5 58. Kh3 Rd5 59. Kg2 Kd6 60. Kh3 Kc5 1/2-1/2

[Event "Yerevan op 2nd"]
[Site "Yerevan"]
[Date "2017.09.20"]
[Round "2"]
[White "Yedigaryan, Asya"]
[Black "Nalbandyan, Vahan"]
[Result "0-1"]
[WhiteElo "1499"]
[BlackElo "1910"]
[PlyCount "84"]
[EventDate "2017.09.19"]
[EventType "swiss"]
[EventRounds "9"]
[EventCountry "ARM"]
[SourceTitle "CBM 180 Extra"]
[Source "ChessBase"]
[SourceDate "2017.10.06"]
[SourceVersion "1"]
[SourceVersionDate "2017.10.06"]
[SourceQuality "1"]

1. d4 Nf6 2. Nf3 e6 3. g3 b6 4. Bg2 Bb7 5. 0-0 c5 6. e3 cxd4 7. exd4 d6 8. c4 Qc8 9. b3 Be7 10. Bb2 0-0 11. Nc3 Nbd7 12. Re1 d5 13. cxd5 Nxd5 14. Rc1 Qb8 15. Nxd5 Bxd5 16. Qd3 Qb7 17. a3 Rac8 18. b4 b5 19. Rc3 Nb6 20. Rec1 Nc4 21. Ba1 Rfd8 22. Ne1 Bxg2 23. Nxg2 e5 24. R3c2 exd4 25. Nf4 Ne5 26. Qf5 Nf3+ 27. Kf1 Nxh2+ 28. Kg1 Nf3+ 29. Kf1 Rxc2 30. Rxc2 g6 31. Qh3 Bf6 32. Rc1 Nd2+ 33. Kg1 Qf3 34. Kh2 Qxf2+ 35. Qg2 Qe3 36. Bb2 Re8 37. Qc6 Qf2+ 38. Kh3 Re3 39. Qc8+ Kg7 40. Qg4 Ne4 41. Nh5+ Kh6 42. Qf4+ Ng5+ 0-1

[Event "Yerevan op 1st"]
[Site "Yerevan"]
[Date "2016.10.08"]
[Round "7"]
[White "Arakelyan, Nare"]
[Black "Nalbandyan, Vahan"]
[Result "0-1"]
[WhiteElo "1867"]
[BlackElo "1711"]
[PlyCount "120"]
[EventDate "2016.10.02"]
[EventType "swiss"]
[EventRounds "9"]
[EventCountry "ARM"]
[SourceTitle "EXT 2017"]
[Source "ChessBase"]
[SourceDate "2016.10.25"]
[SourceVersion "1"]
[SourceVersionDate "2016.10.25"]
[SourceQuality "1"]

1. e4 e5 2. Nf3 Nc6 3. Bb5 Nf6 4. 0-0 Nxe4 5. Re1 Nd6 6. Nxe5 Be7 7. Bxc6 dxc6 8. d4 0-0 9. Nc3 Nf5 10. Ne2 Bf6 11. Bf4 Re8 12. c3 Be6 13. Qd3 Nh4 14. Bg3 Nf5 15. Bf4 h5 16. Rad1 g5 17. Bc1 Bxe5 18. dxe5 Qxd3 19. Rxd3 Bc4 20. Rd2 Rxe5 21. b3 Ba6 22. c4 Rae8 23. Bb2 R5e6 24. f3 b5 25. c5 b4 26. Kf2 Bb5 27. g3 a5 28. Ba1 g4 29. f4 h4 30. Be5 f6 31. Bxc7 Re3 32. Rd8 Rf3+ 33. Kg1 Rxd8 34. Bxd8 Re3 35. Kf2 Rxe2+ 36. Rxe2 Bxe2 37. Kxe2 hxg3 38. hxg3 Nxg3+ 39. Kd3 Nh5 40. Ke3 g3 41. f5 Nf4 42. Bxa5 g2 43. Kf2 Kg7 44. Kg1 Nd5 45. Kxg2 Kh6 46. Kf3 Kg5 47. Ke4 Nc3+ 48. Kd3 Nxa2 49. Kc2 Kxf5 50. Kb2 Nc3 51. Bxb4 Nb5 52. Bd2 Ke4 53. Kc2 Kd4 54. b4 Kc4 55. Be1 f5 56. Bd2 Nc7 57. Kb2 Nd5 58. Ka3 Kb5 59. Kb3 f4 60. Be1 f3 0-1